Edicto Pastoral sobre el ejercicio de la caridad en las presentes circunstancias
保存先:
| 第一著者: | |
|---|---|
| フォーマット: | 図書 |
| 言語: | スペイン語 |
| 出版事項: |
Santiago
Imprenta de El Correo, administrada por M. Infante, Teatinos, 39
1887
|
| 版: | 1a. ed |
| 主題: | |
| タグ: |
タグ追加
タグなし, このレコードへの初めてのタグを付けませんか!
|
MARC
| LEADER | 00000nam a2200000 a 4500 | ||
|---|---|---|---|
| 001 | UCJ6192 | ||
| 003 | CL-VaPUC | ||
| 008 | 070124e18870000CL |||||||||||||||||spa|d | ||
| 082 | 0 | 4 | |a 282 |b CAS |2 21 |
| 100 | 0 | |a Casanova, Mariano |e author |9 393477 | |
| 245 | 1 | 0 | |a Edicto Pastoral sobre el ejercicio de la caridad en las presentes circunstancias |
| 250 | |a 1a. ed | ||
| 300 | |a 12 p | ||
| 942 | |c BK | ||
| 945 | |d 20070124 00:00:00 |a rinostro | ||
| 260 | |a Santiago |b Imprenta de El Correo, administrada por M. Infante, Teatinos, 39 |c 1887 | ||
| 500 | |a Empastado junto a otros escritos del mismo autor en un volumen rotulado Casanova-Pastorales; ubicación 282 CAS | ||
| 650 | 7 | |a DOCUMENTOS EPISCOPALES |2 CL-VaPUC |9 481329 | |
| 650 | 0 | |a Virtudes teologales |9 399965 | |
| 650 | 7 | |a CARIDAD |2 CL-VaPUC |9 307339 | |
| 650 | 0 | |a Teología pastoral |9 257832 | |
| 583 | |a last modification |c 20070124 00:00:00 |k Rodrigo Vera | ||
| 999 | |c 322300 |d 322298 | ||
| 952 | |0 0 |1 0 |4 0 |6 282_000000000000000_CAS_1887 |7 0 |8 X |9 401265 |a FDOBUD |b FDOBUD |d 2019-11-22 |i 1045032 |o 282 CAS 1887 |p 1045032 |r 2019-11-22 |w 2019-11-22 |y BK_X |k BUD | ||